| 000 | 00529cam a22001457a 4500 | ||
|---|---|---|---|
| 008 | 180718b2006 xxu||||| |||| 00| 0 eng d | ||
| 082 | _aAPPPA/2005-06/JAI/19 | ||
| 100 | _aJain, Veena | ||
| 245 |
_aRural housing evaluation of present trends and strategies for future _cby Veena Jain |
||
| 260 |
_aNew Delhi _bIndian Institute of Public Administration _c2006 |
||
| 300 | _a98p. | ||
| 500 | _aAn APPPA M.Phil dissertation, 2005-06 (Guide: Dr. Sujata Singh) | ||
| 650 | _aStrategies for future | ||
| 650 | _aRural housing evaluation | ||
| 999 |
_c493378 _d493378 |
||